Quizzes
Events
Quiz Creation
Community
Videos
Private Events
Remove Ads
Sign In
Join for FREE
Feedback
Dark Mode
Quiz Categories
Sports
Geography
Music
Movies
Television
Just For Fun
Miscellaneous
History
Literature
Language
Science
Gaming
Entertainment
Religion
Holiday
For Kids
Quiz Lab
Recent
Popular Today
Quiz Kudos Today
Editor Picks
Curator Picks
Quizzes by...
Day
Popularity
Type
Ratings
Length
Year
Community
Subscriptions
Recent Discussions
Orange Saloon
Badges
Playlists
Quests
Create
Leaderboards
Showdown
Live 5
Trivia Bingo
Activity
Puzzle Library
Sporcle Events
Private Events
Virtual Trivia
Globe League
Become a Host
Pub Owners
SporcleCon
Opinionation
Our Games
Videos
Blog
Mobile Apps
Partnerships
Remove Ads and Go Orange
Feedback
Television
TV Characters
TV Show
Sitcom
Network
Friends
Reality Shows
Cast
South Park
Star Trek
The Simpsons
Doctor Who
Television
TV Characters
TV Show
Sitcom
Network
Friends
Reality Shows
Cast
South Park
Star Trek
The Simpsons
Doctor Who
Random Quiz
Search Sporcle
×
Quiz Lab
Quiz Lab
Television
Character
Type in answers that appear in a list
Type in answers that appear in a list
Classic
Best Score? Go Orange.
Simpsons Catchphrases Stats
Can you name the Simpsons Catchphrase?
By
RatherRachel
14m
50 Questions
148 Plays
148 Plays
148 Plays
Comments
Comments
Give Quiz Kudos
Give Quiz Kudos
-
- Ratings
hide this ad
Forced Order
Answers have to be entered in order
Answers have to be entered in order
Replay
Link that replays current quiz
Next Quiz
Link to next quiz in quiz playlist
You Got
0%
They Got
Avg Score
58%
Avg Friend Score
Upgrade to see
Score Distribution
Jump to the score distribution portion of the page
Score
0/50
Timer
14:00
0
Plays Today
Catchphrase
Character
% Correct
If anyone wants me I will be in my room.
Lisa Simpson
91.2%
Thank you, come again!
Apu
87.8%
D'oh.
Homer Simpson
87.2%
Cuff 'em, Lou.
Chief Wiggum
87.2%
*Suck, suck, suck.*
Maggie Simpson
85.8%
Eat my shorts!
Bart Simpson
83.1%
Excellent
Mr Burns
82.4%
Skinnneeerrrrrrrr!
Superintendent Chalmers
82.4%
Haw haw!
Nelson Muntz
79.7%
Ay caramba!
Bart Simpson
78.4%
Why you little...
Homer Simpson
77.7%
Hi! I'm (character name)! You might remember me from such [films, TV shows, dates] as...
Troy McClure
77%
Mmmmmmm....
Homer Simpson
76.4%
Release the hounds.
Mr Burns
76.4%
I didn't do it!
Bart Simpson
75%
Take 'em away boys!
Chief Wiggum
75%
Worst (insert noun) ever!
Comic book guy
75%
Hi-
diddly-
ho!
Ned Flanders
74.3%
Okilly-
dokilly!
Ned Flanders
74.3%
Seymour!
Agnes Skinner
73.6%
That's Homer Simpson, one of your (nickname) from sector 7G
Waylon Smithers
73%
Hey Hey kids!
Krusty the Clown
73%
Hi, everybody!
Doctor Nick
72.3%
Burp!
Barney Gumble
70.9%
Hello, Bart.
Sideshow Bob
70.3%
Catchphrase
Character
% Correct
Won't somebody please think of the children!?!
Helen Lovejoy
64.2%
My special little guy.
Marge Simpson
63.5%
Glavin!
Professor Frink
62.2%
Woohoo!
Homer Simpson
61.5%
Yarrrrrrr!
Sea captain
57.4%
Hey, Brandine!
Cletus Spuckler
56.1%
Aye, aye, aye!
Bumblebee man
54.7%
Eeep.
Bart Simpson
52.7%
Yo, Bart dude!
Otto Mann
52.7%
HA!
Edna Krabappel
52.7%
Hmmmm...
Marge Simpson
44.6%
Ahoy-
hoy!
Mr Burns
41.9%
Oh yeah!
Duffman
39.2%
Ye-
haw!
Richard O'Hara
33.8%
A-
heh-
heh-
heh..
Doctor Hibbert
31.8%
Ng hey!
Professor Frink
27%
Hot diggity!
Abe Simpson
27%
Dude!
Snake
27%
Yaaaaay!
Rod and Todd Flanders
23.6%
If I ever get my hands on you...
Moe Szyslak
22.3%
Bye!
Snake
16.9%
Ah, geez.
Moe Szyslak
16.2%
I... er... uh...
Mayor Quimby
16.2%
Whaaaaaaat?
Moe Szyslak
13.5%
Arrrriaiar!!
Crazy Cat Lady
4.1%
Quiz Playlist
Details
Report
Send in Message
Add To Playlist
Classic:
Type in answers that appear in a list
Forced Order:
Answers have to be entered in order
Last Updated: Feb 16, 2017
Quiz Scoreboard
CHALLENGE
Sign Up to Join the Scoreboard
Show All
Scores
Hide
Comments
May contain spoilers
Recently Published
An Introduction to Baseball
by treessimontrees
Sports
5m
Movies - When Are They Set?
by FPL_Elf
Movies
5m
Popular People in 1961
by mucciniale
History
6m
More to Explore
Quiz From the Vault
Featured Blog Post
Where Did the Easter Bunny Come From?
hide this ad
You Might Also Like...
Tags
catchphrase
Character
Today's Top Quizzes in Television
Browse Television
hide this ad
Today's Top Quizzes in Character
Browse Character
Top Contributed Quizzes in Television
1
One Piece Logic Puzzle
2
5-to-1: The Simpsons Families
3
Survivor Logic Puzzle: Heroes vs. Villains
4
5-to-1: Television Doctors
5
7-to-1: TV Show Settings
6
Survivor Seasons
7
5-to-1: Streaming Originals
8
Survivor Season by Logo
9
One Thing in Common: Television
10
TV Shows by First Names
Explore More
Trending Topics
Anime
NBA
Disney
Kpop
Marvel
Crossword
Harry Potter
WWE
Soccer
Pokémon
Puzzle
Country
Song
NFL
The Office
hide this ad
More By:
RatherRachel
Quiz
Plays
Rating
Category
Featured
Created
Simpsons Catchphrases
148
1.00
Television
Feb 28, 2012
Which Simpsons character said this?
77
3.00
Television
Feb 28, 2012
Name the BBC Radio 1 Breakfast Show Presenters
2
1.00
Entertainment
Mar 23, 2012
Go to Creator's Profile
Score Distribution
Quiz Creator Spotlight
RatherRachel
Follow
Send a Message
Quizzes Created
-
Created Quiz Play Count
-
More By This Creator
Popular Quizzes Today
1
Find the Countries of Europe - No Outlines Minefield
2
Find the US States - No Outlines Minefield
3
The Countries of the World
4
Popular People in 1961
5
Find the US States
6
US States
7
1-10 Letter E Words III
8
Risky Map Clicking: Biggest States A-Z
More Television Quizzes
Get the Picture: Saul Goodman or Jimmy McGill
Quiz Lab
Trending Quizzes
Risky Map Clicking: Least Populous States A-Z
1-10 Letter F Words
1-10 Letter G Words
Not Quite an Element Typing Challenge
One Thing in Common: United Kingdom
Recently Updated
Leaping Animals
pecheneg
Reality TV Shows (A-Z)
bhenderson79
Rickey Henderson's Hall of Fame Teammates
pecheneg
Champions League XIs: Arsenal
pecheneg
Quick Pick: Celebrities in WWE's Hall of Fame
aduchscher
A-Z Keypad Blitz II
pecheneg
Multiple Oscar Actors
pecheneg
Mystery Phrase Blitz: Oscar 'Best Actors'
pecheneg
F. Scott Fitzgerald Novels
LTH
Pick 3 Villains
ddd62291
Trending Topics
Harry Potter
Kpop
Anime
NBA
Crossword
Disney
Marvel
The Office
WWE
Country
NFL
Soccer
Song
Pokémon
Puzzle
Your Account Isn't Verified!
In order to create a playlist on Sporcle, you need to verify the email address you used during registration. Go to your
Sporcle Settings
to finish the process.
Report this User
Report this user for behavior that violates our
Community Guidelines
.
Details:
Send Report
Go to the Sporcle.com Mobile Site →
Comments